Mercaderes de mar y tierra : negocios, familia y poder de los vascos en el río de la plata /
Guardado en:
| Autor Principal: | |
|---|---|
| Formato: | Libro |
| Publicado: |
Rosario :
Humanidades y Artes ,
2014
|
| Materias: | |
| Etiquetas: |
Agregar Etiqueta
Sin Etiquetas, Sea el primero en etiquetar este registro!
|
| LEADER | 00753nam a22002055a 4500 | ||
|---|---|---|---|
| 001 | EHU.bham042921 | ||
| 003 | AR-BHAM | ||
| 005 | 20141020114231.0 | ||
| 008 | 130507s2014##################000#0#####d | ||
| 020 | |a 9789873638015 | ||
| 082 | 9 | 8 | |a 982.021 |
| 100 | 1 | |a Caula, Elsa | |
| 245 | 1 | 0 | |a Mercaderes de mar y tierra : |b negocios, familia y poder de los vascos en el río de la plata / |c Elsa Caula |
| 260 | |a Rosario : |b Humanidades y Artes , |c 2014 | ||
| 300 | |a 288 p. | ||
| 653 | |a América latina-historia de-comercio-río de la plata-1750-1820 | ||
| 653 | |a Historia argentina-río de la plata-1750-1820 | ||
| 653 | |a Vascos | ||
| 653 | |a Historia argentina-vascos-colonización y comercio | ||
| 859 | |a AR-BHAM |b BIB. HUMANIDADES - General |h 982.021 |i C311 |p 490.14 |t Ej.1 | ||
